000 01033cam a22002895a 4500
999 _c20522
_d20522
001 195596
003 OSt
005 20200131104709.0
008 990527s1998 pk a 001 0 eng
010 _a 98930535
020 _a0195778154
020 _a9780195778151
025 _aP-U-98930535; 05; 06
040 _aDLC
_coclc
_dDLC
042 _alcode
050 0 0 _aIN PROCESS
082 _a954.035092
_bHAM/I
100 _aHameed, Syeda Saiyidain
_91687
245 1 0 _aIslamic seal on India's Independence :
_ba fresh look Abul Kalam Azad /
_cSyeda Saiyidain Hameed
260 _aKarachi :
_bOxford University Press,
_c1998.
300 _a303p
_bill. ;
_c23 cm.
504 _aIncludes bibliographical references (p. [291]-296) and index.
856 4 2 _3Publisher description
_uhttp://www.loc.gov/catdir/enhancements/fy0604/98930535-d.html
906 _a7
_bibc
_corigode
_d3
_encip
_f19
_gy-gencatlg
942 _2ddc
_cBK
_h954.035092
_iHAM/I
_k954.035092
_mHAM/I